00415nam a2200109Ia 4500008004100000050001900041100002700060245009000087260007800177300002000255521003000275140724s9999 xx 000 0 und d aHD 58.7b.N754 aNobuta, Oliver Toru R. aLevel of customer satisfaction of Tea Talk Café Customers /cOliver Toru R. Nobuta. aLas Piñas, Philippines :bSouthville International School and Colleges, a49 p. :c28 cm. aHuman Resource Management